<?xml version="1.0" encoding="UTF-8"?>
<collection xmlns="http://www.loc.gov/MARC21/slim">
<record>
  <controlfield tag="001">299866</controlfield>
  <controlfield tag="005">20240928181059.0</controlfield>
  <datafield tag="035" ind1=" " ind2=" ">
    <subfield code="a">G:(GEPRIS)390541063</subfield>
  </datafield>
  <datafield tag="024" ind1="7" ind2=" ">
    <subfield code="a">G:(GEPRIS)390541063</subfield>
    <subfield code="d">390541063</subfield>
  </datafield>
  <datafield tag="040" ind1=" " ind2=" ">
    <subfield code="a">GEPRIS</subfield>
    <subfield code="c">http://gepris.its.kfa-juelich.de</subfield>
  </datafield>
  <datafield tag="150" ind1=" " ind2=" ">
    <subfield code="a">Charakteranzahlen und Cartanmatrizen von Blöcken mit abelschen Defektgruppen</subfield>
    <subfield code="y">2017 - 2022</subfield>
  </datafield>
  <datafield tag="371" ind1=" " ind2=" ">
    <subfield code="a">Privatdozent Dr. Benjamin Sambale</subfield>
  </datafield>
  <datafield tag="450" ind1=" " ind2=" ">
    <subfield code="a">DFG project G:(GEPRIS)390541063</subfield>
    <subfield code="w">d</subfield>
    <subfield code="y">2017 - 2022</subfield>
  </datafield>
  <datafield tag="510" ind1="1" ind2=" ">
    <subfield code="a">Deutsche Forschungsgemeinschaft</subfield>
    <subfield code="0">I:(DE-588b)2007744-0</subfield>
    <subfield code="b">DFG</subfield>
  </datafield>
  <datafield tag="680" ind1=" " ind2=" ">
    <subfield code="a">In vielen Naturwissenschaften modelliert man Symmetrien von Objekten durch mathematische Gruppen. In der Darstellungstheorie realisiert man abstrakte Gruppen durch konkrete Matrizen, um sie Berechnungen zugänglich zu machen. Jede solche Darstellung zerlegt sich in irreduzible Bestandteile, die man Blöcken zuordnet. Die irreduziblen Darstellungen sind im Wesentlichen durch ihre Charaktere bestimmt, von denen es nur endlich viele gibt. Nach Richard Brauer wird die Anzahl der Charaktere in einem vorgegebenen Block stark durch die Struktur lokaler Untergruppen beeinflusst. Zu diesen zählen die Defektgruppe und die Trägheitsgruppe. Der genaue Zusammenhang dieser Objekte ist Gegenstand zahlreicher offener Vermutungen von Alperin, Brauer, Dade, McKay, Olsson und anderen. Forschergruppen auf der ganzen Welt arbeiten an der Lösung dieser Probleme (USA, Japan, China, Singapur, Neuseeland, Israel, UK, Irland, Ungarn, Italien, Spanien, Frankreich, Dänemark, Schweiz, Deutschland).In diesem Projekt soll Brauers k(B)-Vermutung für Blöcke mit abelschen Defektgruppen untersucht werden. Das Arbeitsprogramm orientiert sich an der Lösung des k(GV)-Problems. Es sind außerdem Fortschritte zum Stand von Broués Vermutung in kleinen Fällen geplant. Auf diese Weise soll ein wichtiger Beitrag zu einem aktuellen Gebiet der Darstellungstheorie endlicher Gruppen geleistet werden. Neben Brauers Methoden und der klassischen Theorie der quadratischen Formen kommen vor allem moderne Werkzeuge wie die Klassifikation der endlichen einfachen Gruppen und neuere Resultate über koprime lineare Gruppen zum Einsatz. Außerdem sind Computerberechnungen für die Konstruktion perfekter Isometrien, Isotypien und Cartanmatrizen vorgesehen.</subfield>
  </datafield>
  <datafield tag="909" ind1="C" ind2="O">
    <subfield code="o">oai:juser.fz-juelich.de:966609</subfield>
    <subfield code="p">authority:GRANT</subfield>
    <subfield code="p">authority</subfield>
  </datafield>
  <datafield tag="980" ind1=" " ind2=" ">
    <subfield code="a">G</subfield>
  </datafield>
  <datafield tag="980" ind1=" " ind2=" ">
    <subfield code="a">AUTHORITY</subfield>
  </datafield>
  <datafield tag="909" ind1="C" ind2="O">
    <subfield code="o">oai:juser.fz-juelich.de:966609</subfield>
  </datafield>
</record>
</collection>